000 00299nam a2200121 a 4500
005 20140412111415.0
008 070718s19uu xx 00 eng d
050 _aER
_bFr92
245 _aThe frog Prince.
260 _aTokyo :
_bFroebel-Kan.
440 _aThe world of fairy tales
999 _c105818
_d105818